Building design cost management (Record no. 101012)
[ view plain ]
| 000 -LEADER | |
|---|---|
| fixed length control field | 01074cam a2200277 4500 |
| 008 - FIXED-LENGTH DATA ELEMENTS--GENERAL INFORMATION | |
| fixed length control field | 000000n2002 000 0 eng u |
| 020 ## - INTERNATIONAL STANDARD BOOK NUMBER | |
| International Standard Book Number | 0632058056 |
| 035 ## - SYSTEM CONTROL NUMBER | |
| System control number | (Sirsi) u109849 |
| 050 ## - LIBRARY OF CONGRESS CALL NUMBER | |
| Classification number | 658.1552 |
| 100 ## - MAIN ENTRY--PERSONAL NAME | |
| Personal name | Jaggar, D. |
| 245 ## - TITLE STATEMENT | |
| Title | Building design cost management |
| 260 ## - PUBLICATION, DISTRIBUTION, ETC. | |
| Place of publication, distribution, etc. | Oxford |
| Name of publisher, distributor, etc. | Blackwell |
| Date of publication, distribution, etc. | 2002 |
| 300 ## - PHYSICAL DESCRIPTION | |
| Extent | xvi,202p. |
| Dimensions | 25cm. |
| 350 ## - PRICE (NR) (BK AM CF MU VM SE) [OBSOLETE] | |
| Price | 21.50 |
| 520 ## - SUMMARY, ETC. | |
| Summary, etc. | Introductory text explaining the important role of design cost management at each stage of a construction project. Supported by a dedicated website the book also discusses the need for, and means of, improving communication between the parties involved in order to ensure that projects are delivered on time, on budget and are of the highest quality. |
| 650 ## - SUBJECT ADDED ENTRY--TOPICAL TERM | |
| Topical term or geographic name entry element | BUILT ENVIRONMENT-BUILDING COSTS |
| 650 ## - SUBJECT ADDED ENTRY--TOPICAL TERM | |
| Topical term or geographic name entry element | BUILT ENVIRONMENT-CONSTRUCTION DESIGN |
| 650 ## - SUBJECT ADDED ENTRY--TOPICAL TERM | |
| Topical term or geographic name entry element | COST CONTROL |
| 650 ## - SUBJECT ADDED ENTRY--TOPICAL TERM | |
| Topical term or geographic name entry element | Cost management |
| 9 (RLIN) | 6233 |
| 650 ## - SUBJECT ADDED ENTRY--TOPICAL TERM | |
| Topical term or geographic name entry element | PROJECT COSTS |
| 690 ## - LOCAL SUBJECT ADDED ENTRY--TOPICAL TERM (OCLC, RLIN) | |
| Topical term or geographic name as entry element | BUILT ENVIRONMENT-BUILDING COSTS |
| 700 ## - ADDED ENTRY--PERSONAL NAME | |
| Personal name | Ross, A. |
| 700 ## - ADDED ENTRY--PERSONAL NAME | |
| Personal name | Smith, J. |
| 700 ## - ADDED ENTRY--PERSONAL NAME | |
| Personal name | Love, P. |
| 942 ## - ADDED ENTRY ELEMENTS (KOHA) | |
| Suppress in OPAC | 0 |
| Withdrawn status | Lost status | Source of classification or shelving scheme | Damaged status | Not for loan | Home library | Current library | Shelving location | Date acquired | Cost, normal purchase price | Total Checkouts | Full call number | Barcode | Date last seen | Date last checked out | Copy number | Cost, replacement price | Price effective from | Koha item type |
|---|---|---|---|---|---|---|---|---|---|---|---|---|---|---|---|---|---|---|
| Dewey Decimal Classification | London | London | Books | 13/08/2002 | 21.50 | 44 | 658.1552 JAG | 30066436 | 06/08/2019 | 09/11/2009 | 1 | 21.50 | 06/08/2019 | Book |